All 5k+ cities in Hawaii on a map - Statistics

General Stats
  • This quiz has been taken 16 times
  • The average score is 17 of 57
Answers on the Map
Answers color-coded by a green-red scale on the quiz's map according to % correct below.
 
Answer Stats
City Population % Correct
Hilo 44,186
100%
Honolulu 350,964
100%
Kahului 28,219
83%
Pearl City 45,295
83%
East Honolulu 50,922
75%
Kailua 40,514
67%
Lihue 8,004
58%
Waimea 9,904
58%
Ewa Beach 16,415
50%
Lahaina 12,702
50%
Aiea 10,408
33%
Kailua-Kona 19,713
33%
Kaneohe 37,430
33%
Kapaa 11,652
33%
Kula 6,942
33%
Laie 5,963
33%
Wailuku 17,697
33%
Ewa Gentry 25,707
25%
Ewa Villages 7,825
25%
Hawaiian Paradise Park 14,957
25%
Kapolei 21,411
25%
Kihei 21,423
25%
Makawao 7,297
25%
Pukalani 8,299
25%
Royal Kunia 14,896
25%
Schofield Barracks 14,904
25%
Waimalu 13,817
25%
Ahuimanu 8,969
17%
East Kapolei 5,299
17%
Haiku-Pauwela 8,595
17%
Halawa 15,016
17%
Heeia 5,001
17%
Kahaluu 5,241
17%
Kaiminani 12,590
17%
Maili 11,535
17%
Makaha 9,916
17%
Makakilo 19,877
17%
Mililani Mauka 21,075
17%
Mililani Town 28,121
17%
Nanakuli 12,195
17%
Napili-Honokowai 7,042
17%
Ocean Pointe 14,965
17%
Pupukea 5,130
17%
Wahiawa 18,658
17%
Waianae 13,614
17%
Waihee-Waiehu 9,234
17%
Waikele 7,509
17%
Waikoloa Village 7,104
17%
Wailea 6,027
17%
Wailua Homesteads 5,863
17%
Waimanalo 6,057
17%
Waipahu 43,485
17%
Waipio 12,082
17%
Waipio Acres 5,531
17%
West Loch Estate 5,523
17%
Hickam Housing 7,581
8%
Kaneohe Station 9,483
8%
No matching quizzes found
Score Distribution
Percent of People with Each Score
Percentile by Number Answered
Your Score History
You have not taken this quiz